| 000 | 00513nam a22001817a 4500 | ||
|---|---|---|---|
| 003 | CEME | ||
| 005 | 20210628201626.0 | ||
| 008 | 210212b xxu||||| |||| 00| 0 eng d | ||
| 020 | _a1-56676-480-7 | ||
| 040 | _c. | ||
| 082 | _a681.25 STE | ||
| 100 |
_aSpringer, George.S Steenkiste, Regis J.Van _956071 |
||
| 245 | _aStrain and temperature measurement with fiber optic sensors | ||
| 260 |
_aUSA _bTECHNOMIC PUBLISHER _c1997 |
||
| 300 | _aXXIX,294P | ||
| 650 |
_aFIBER OPTIC SENSORS _956072 |
||
| 942 |
_cBK _2ddc |
||
| 999 |
_c566601 _d566601 |
||